NBA Players from Rhode Island - Statistics

General Stats
  • This quiz has been taken 10 times
    4 since last reset
  • The average score is 8 of 18
Answer Stats
Position Player Draft Year % Correct
PF Lamar Odom 1999
100%
G Cuttino Mobley 1998
75%
SF Jacob Toppin 2023
75%
SG Jared Terrell 2018
75%
PG Jeff Dowtin 2020
75%
G Tyson Wheeler 1998
75%
G Tom Garrick 1988
50%
G Xavier Munford 2014
50%
G Armand Cure N/A
25%
G Bob Shea N/A
25%
F Claude English 1970
25%
G Earl Shannon N/A
25%
PG Ernie Calverley N/A
25%
G George Mearns N/A
25%
GF Johnny Ezersky 1947
25%
G Sean Colson 1998
25%
F Sly Williams 1979
25%
G Stan Stutz N/A
25%
No matching quizzes found
Score Distribution
Percent of People with Each Score
Percentile by Number Answered
Your Score History
You have not taken this quiz since the last reset